3D point cloud surface reconstruction by using level set methods

Guardado en:
Detalles Bibliográficos
Autor principal: Kósa, Balázs (Autor)
Otros Autores: Mikula, Karol (Orientador)
Formato: Manuscrito Libro
Lenguaje:eslovaco
inglés
Publicado: 2015
Materias:
Acceso en línea:http://is.stuba.sk/zp/portal_zp.pl?podrobnosti=109310
https://opac.crzp.sk/?fn=detailBiblioForm&sid=78283B71680DBAF21D40D11D22D4
Etiquetas: Agregar Etiqueta
Sin Etiquetas, Sea el primero en etiquetar este registro!

MARC

LEADER 00000ntm a22000003a 4500
001 stuzp52967
003 SK-STU
005 20231020135039.1
007 ta
008 150427s2015----xo-----f-mn---000-0-slo-d
040 |a STU  |b slo 
041 0 |a eng 
100 1 |a Kósa, Balázs  |u 010220  |4 aut  |U SvF Stavebná fakulta  |T SvF Katedra matematiky a deskriptívnej geometrie  |X 7433  |U V220  |Y 23  |7 A000007433 
242 0 1 |a Rekonštrukcia plôch z mračien bodov pomocou level-set metód  |y slo 
245 1 0 |a 3D point cloud surface reconstruction by using level set methods 
260 |c 2015 
650 4 |a mračno bodov  |2 slo 
650 4 |a level-set metódy  |2 slo 
650 4 |a rekonštrukcia  |2 slo 
650 4 |a point cloud  |2 eng 
650 4 |a level set methods  |2 eng 
650 4 |a reconstruction  |2 eng 
700 1 |a Mikula, Karol  |4 ths  |X 782  |7 A000000782 
856 4 |u http://is.stuba.sk/zp/portal_zp.pl?podrobnosti=109310 
856 4 |u https://opac.crzp.sk/?fn=detailBiblioForm&sid=78283B71680DBAF21D40D11D22D4 
SQL |a stuzp52967  |b DDP  |c ENG  |d 3D point cloud surface reconstruction by using level set methods  |e 7433  |f Kósa, Balázs  |g 010220  |h 782  |i Mikula, Karol  |j 20150617  |k 15  |l 01  |m http://is.stuba.sk/zp/portal_zp.pl?podrobnosti=109310  |n I-MPM  |o 9.1.9. aplikovaná matematika